00659 2200241 4500001002100000005001500021035002000036007000300056008004100059020002200100082000800122084001400130100002100144245006100165250001100226260004200237300004600279650001000325700002300335700002000358700002300378990001600401INLIS00000000000052220221114090427 a0010-1122000116ta221114 b 0 ind  a978-602-249-698-4 a503 a503 JAC e0 aJacques Beaumont1 aEnsiklopedia Favoritku: Luar Angkasa /cJacques Beaumont acet. 6 aJakarta :bBhuana Ilmu Populer,c2019 a47 halaman :bilustrasi berwarna ;c23 cm 4asains0 aEmmanuelle Lepetit0 aFrancois Daniel0 aAnne de Chambourcy a00000000658